| 000 | 00727nam a2200217 i 4500 | ||
|---|---|---|---|
| 001 | 84019 | ||
| 003 | ES-MaACL | ||
| 005 | 20250903012931.0 | ||
| 007 | t| | ||
| 008 | 041119s1980 sp ||||1| spa d | ||
| 100 | 1 |
_aJaulin-Mannoni, Francine. _966172 |
|
| 245 | 1 | 3 |
_aLa reeducación del razonamiento matemático / _cFrancine Jaulin-Mannoni ; [traducción, Felipe Contreras San Francisco]. |
| 250 | _a[1ª ed.]. | ||
| 260 |
_a[Madrid] : _bPablo del Río, _c[1980] |
||
| 300 |
_a171 p. ; _c24 cm. |
||
| 650 | 0 | 4 |
_aAprendizaje. _99924 |
| 650 | 0 | 4 |
_aMatemáticas- _xEstudio y enseñanza _914818 |
| 700 | 1 |
_aContreras San Francisco, Felipe. _940325 |
|
| 852 |
_aES-MaACL _jL-389 _bR.101227 |
||
| 999 |
_c84019 _d84019 |
||